000
00266nam a2200133Ia 4500
100
_a
Morris/N.M
250
_a
3
942
_c
BK
654
_a
control
245
_a
Control Engineering
260
_b
McGraw Hill
_a
London
_c
1983
300
_a
255
546
_a
ENGLISH
999
_c
21960
_d
21960